000 00383nam a2200133Ia 4500
008 220217s9999||||xx |||||||||||||| ||und||
020 _a0-07-451692-2
082 _a621.381 5 JAI
100 _aJain, R.P Anand, M.M.S
245 0 _aDigital electronics practice using integrated circuits
260 _aTata mcgraw hill
_bNew Delhi
_c1983
300 _b125
650 _aCIRCUITRY
999 _c166151
_d166151